=LDR 00000nam 2200000 4500 =001 INLIS000000000029909 =005 20130612132114 =008 ***********************************ind** =035 ##$$0010-061300000029909 =041 ##$$a ind =082 ##$$a 028.5 =090 ##$$a 028.5, SCA y =100 ##$$a Scarry, Richard =245 ##$$a Yang kusayang yang kusuka, Richard Scarry =260 ##$$a 1991 $b Jakarta =300 ##$$a 24 hlm., ilus., 21 cm =650 ##$$a Fiksi Anak =850 ##$$a NBPNMAT